000 01624cam a2200385Ii 4500
001 11009836
003 ASAB
005 20180827062646.0
006 m d
007 cr n
008 141105t20142014fluad sb 001 0 eng d
020 _a978-981-4463-65-2
035 _a(WaSeSS)ssj0001346583
040 _aFlBoTFG
_beng
_cASAB
_erda
_dWaSeSS
090 _aTK2960
_b.O74 2014
092 _a621.31244
_bO681
210 1 0 _aOrganic solar cells :
245 0 0 _aOrganic solar cells :
_bfundamentals, devices, and upscaling /
_cedited by Barry P. Rand, Henning Richter.
504 _aIncludes bibliographical references and index.
505 0 _apart 1. Materials and device architectures -- part 2. Characterization, modeling, and fundamental insights -- part 3. Technology, lifetime, and production.
506 _aLicense restrictions may limit access.
650 0 _aSolar cells.
_92010
655 7 _aElectronic books.
_2lcsh
_92011
700 1 _aRand, Barry P.,
_d1979-
_eeditor.
_92012
700 1 _aRichter, Henning,
_eeditor.
_92013
773 0 _tNANOnetBASE
773 0 _tPOLYMERSnetBASE
773 0 _tPHYSICSnetBASE
776 0 8 _iPrint version:
_z9789814463652 (hardback)
856 4 0 _uhttp://www.columbia.edu/cgi-bin/cul/resolve?clio11009836.001
_zFull text available from NANOnetBASE
856 4 0 _uhttp://www.columbia.edu/cgi-bin/cul/resolve?clio11009836.002
_zFull text available from PHYSICSnetBASE
856 4 0 _uhttp://www.columbia.edu/cgi-bin/cul/resolve?clio11009836.003
_zFull text available from POLYMERSnetBASE
910 _aVendor-generated brief record
942 _2ddc
_cBK
999 _c480157
_d480157